Experimental methods for engineers (Record no. 4826)

000 -LEADER
fixed length control field 00561nam a22002057a 4500
001 - CONTROL NUMBER
control field 4826
003 - CONTROL NUMBER IDENTIFIER
control field BD-DhUET
008 - FIXED-LENGTH DATA ELEMENTS--GENERAL INFORMATION
fixed length control field 141120b xxu||||| |||| 00| 0 eng d
020 ## - INTERNATIONAL STANDARD BOOK NUMBER
International Standard Book Number 0071133542
040 ## - CATALOGING SOURCE
Transcribing agency 0
Modifying agency BD-DhUET
082 ## - DEWEY DECIMAL CLASSIFICATION NUMBER
Classification number 620.072
Item number HOL/1994
100 ## - MAIN ENTRY--PERSONAL NAME
Personal name Holman, J. P.
245 ## - TITLE STATEMENT
Title Experimental methods for engineers
Statement of responsibility, etc. by J. P. Holman
250 ## - EDITION STATEMENT
Edition statement 6th ed.
260 ## - PUBLICATION, DISTRIBUTION, ETC. (IMPRINT)
Place of publication, distribution, etc. New York
Name of publisher, distributor, etc. McGraw-Hill
Date of publication, distribution, etc. 1994
300 ## - PHYSICAL DESCRIPTION
Extent xviii,616p.
Other physical details ill.
490 ## - SERIES STATEMENT
Series statement McGraw-Hill series in Mechanical Engineering
650 #0 - SUBJECT ADDED ENTRY--TOPICAL TERM
Topical term or geographic name as entry element Engineering-Laboratory manuals
942 ## - ADDED ENTRY ELEMENTS (KOHA)
Koha item type General Book
Holdings
Lost status Shelving location Source of classification or shelving scheme Koha date last borrowed Koha date last seen Price effective from Date acquired Koha item type Copy number Location (home branch) Sublocation or collection (holding branch) Koha issues (times borrowed) Koha full call number Not for loan Koha normalized classification for sorting Piece designation (barcode) Withdrawn status Damaged status
 Circulation section 2019-10-012020-01-182014-11-202014-11-20General Book1Central Library, BUETCentral Library, BUET3620.072/HOL/1994 620_072000000000000_HOL_199494491  
 Circulation section  2015-06-142015-06-142015-06-14General Book2Central Library, BUETCentral Library, BUET 620.072/1994/HOL 620_072000000000000_1994_HOL94489  
 Circulation section 2024-01-152024-01-272015-07-262015-07-26General Book3Central Library, BUETCentral Library, BUET4620.072/1994/HOL 620_072000000000000_1994_HOL94490